| 000 -LEADER |
| fixed length control field |
01307nam a2200229Ia 4500 |
| 001 - CONTROL NUMBER |
| control field |
15776 |
| 003 - CONTROL NUMBER IDENTIFIER |
| control field |
GE_BSU |
| 008 - FIXED-LENGTH DATA ELEMENTS--GENERAL INFORMATION |
| fixed length control field |
181216s||||||||xx |||||||||||||| ||und|| |
| 040 ## - CATALOGING SOURCE |
| Transcribing agency |
GE_BSU |
| 080 ## - UNIVERSAL DECIMAL CLASSIFICATION NUMBER |
| Universal Decimal Classification number |
821.353.1 + 316 + 34 |
| 100 ## - MAIN ENTRY--PERSONAL NAME |
| Personal name |
ჭავჭავაძე, ი. (ილია, 1837-1907) |
| 245 ## - TITLE STATEMENT |
| Title |
ნაწერების სრული კრებული : 9 ტომად. ტ. 8. ცხოვრება და კანონი |
| 245 ## - TITLE STATEMENT |
| Remainder of title |
ცხოვრება და კანონი. ქართული წიგნი |
| 245 ## - TITLE STATEMENT |
| Statement of responsibility, etc. |
შედარებული პირველ წყაროებთან და შევს. ახალი ტექსტებით პავლე ინგოროყვას და ალ. აბაშელის რედაქციით.ბოლოსიტყვაობის ავტ.: პავლე ინგოროყვა |
| 260 ## - PUBLICATION, DISTRIBUTION, ETC. |
| Place of publication, distribution, etc. |
ტფილისი |
| 260 ## - PUBLICATION, DISTRIBUTION, ETC. |
| Date of publication, distribution, etc. |
1928 |
| 300 ## - PHYSICAL DESCRIPTION |
| Extent |
371 გვ.19 სმ |
| 653 ## - INDEX TERM--UNCONTROLLED |
| Uncontrolled term |
ნაწერების სრული კრებული |
| 653 ## - INDEX TERM--UNCONTROLLED |
| Uncontrolled term |
საზოგადოებრივი აზრის ისტორია; კანონი; |
| 653 ## - INDEX TERM--UNCONTROLLED |
| Uncontrolled term |
ცხოვრება და კანონი |
| 942 ## - ADDED ENTRY ELEMENTS (KOHA) |
| Koha item type |
წიგნი |